000 00384nam a2200121 i 4500
001 bg
245 0 _aSprawozdanie z działalności Komisji Popularyzacji Dorobku Tradycji i Perspektyw Nauki Polskiej oraz Komisji Współpracy Naukowej z Zagranicą.Biul.9.
260 _aWarszawa,
_c1974.
040 _cBPK
041 _apol
942 _cKS
008 s pl f |000 0 pol
999 _c27196
_d27196
856 _uhttp://koha.tu.koszalin.pl/cgi-bin/koha/opac-detail.pl?biblionumber=27196
_yKatalog online BPK